Toutes les épées des jeux de la saga Zelda - Statistiques

Statistiques générales
  • Ce quiz a été pris 51 fois
  • Le résultat moyen est 9 sur 77
Statistiques - réponses
1ère apparition Epées des jeux de la saga Zelda % Correct
The Legend of Zelda Épée
100%
A Link to the Past Épée de légende
94%
Ocarina of Time Épée Kokiri
34%
Breath of the Wild Épée de chevalier
29%
Breath of the Wild Épée de soldat
29%
Breath of the Wild Épée royale
29%
Breath of the Wild Épée de voyageur
26%
Ocarina of Time Épée de Biggoron
20%
Breath of the Wild Épée rouillée
20%
The Legend of Zelda Épée blanche
17%
The Minish Cap Épée blanche (deux éléments)
17%
The Minish Cap Épée blanche (trois éléments)
17%
Breath of the Wild Épée de garde royal
17%
Skyward Sword Épée d'entraînement
17%
Four Swords Épée de quatre
17%
Breath of the Wild Épée des flammes
14%
Breath of the Wild (Amiibo) Épée de Sonium
14%
Breath of the Wild Épée des sylvains
14%
Breath of the Wild Espadon royal
14%
Breath of the Wild Cimeterre Gerudo
11%
Breath of the Wild Épée des glaces
11%
Breath of the Wild (Amiibo) Épée des six sages
11%
Twilight Princess Épée de Toal
11%
Breath of the Wild Épée éléctrique
11%
Breath of the Wild Espadon de chevalier
11%
Breath of the Wild Espadon rouillé
11%
Tears of the Kingdom Sabre miasmatique
11%
Breath of the Wild Cimeterre des sept joyaux
9%
Tears of the Kingdom Épée de Sonium robuste
9%
Skyward Sword Épée divine
9%
The Wind Waker Épée du héros
9%
Spirit Tracks Épée Locomo
9%
The Legend of Zelda Épée magique
9%
Breath of the Wild Épée zora
9%
Breath of the Wild Espadon de garde royal
9%
Breath of the Wild Espadon de soldat
9%
Majora's Mask Lame dorée
9%
Majora's Mask Lame rasoir
9%
Breath of the Wild Petit sabre de la défiance
9%
Breath of the Wild Sabre de la défiance
9%
Breath of the Wild Sabre tranche-vent
9%
Tears of the Kingdom Blanche épée céleste
6%
Breath of the Wild (Amiibo) Blanche épée divine
6%
Spirit Tracks Épée d'apprenti
6%
Tears of the Kingdom Épée de Sonium surpuissante
6%
Tears of the Kingdom Épée du Prélude
6%
Phantom Hourglass Épée spectrale
6%
Tears of the Kingdom Espadon de Sonium
6%
Breath of the Wild Espadon de voyageur
6%
Breath of the Wild Espadon du dieu démon
6%
Breath of the Wild Espadon Gerudo
6%
Majora's Mask Grande épée des fées
6%
Breath of the Wild Lame rémige
6%
Breath of the Wild Cimeterre du clair de lune
3%
Skyward Sword Épée blanche divine
3%
Oracle of Seasons/Ages Épée de bois
3%
Breath of the Wild Épée de Lynel
3%
Phantom Hourglass Épée de Siwan
3%
The Minish Cap Épée de Smith
3%
Breath of the Wild Epée du dieu bestial
3%
Breath of the Wild Épée du roi bestial
3%
A Link Between Worlds Épée oubliée
3%
Breath of the Wild Espadon de Lynel
3%
Tears of the Kingdom Espadon de Sonium robuste
3%
Breath of the Wild Espadon du dieu bestial
3%
Breath of the Wild Espadon du roi bestial
3%
Ocarina of Time Lame des géants
3%
Tears of the Kingdom Longue épée crépusculaire
3%
Breath of the Wild Longue épée des flammes
3%
Breath of the Wild Longue épée des glaces
3%
Skyward Sword Longue épée divine
3%
Breath of the Wild Longue épée éléctrique
3%
Breath of the Wild Longue épée zora
3%
Ocarina of Time Épée brisée des géants
0%
Breath of the Wild Longue épée archéonique
0%
Breath of the Wild Longue épée de vertu
0%
Skyward Sword Véritable épée de légende
0%
Aucun quiz correspondant
Distribution des résultats
% des personnes avec chaque résultat
Percentile par nombre de réponses
Votre historique - résultats
Vous n’avez pas pris ce quiz